|
|
|
|
| LEADER |
02826nam a22005532a 4500 |
| 001 |
000202595 |
| 003 |
CZ BrMZK |
| 005 |
20250820115944.0 |
| 007 |
ta |
| 008 |
010907s1984 xr e p cze d |
| 015 |
|
|
|a cnb000024471
|
| 035 |
|
|
|a (OCoLC)39579024
|
| 040 |
|
|
|a BOA001
|b cze
|c BOA002
|
| 072 |
|
7 |
|a 616-053.2
|x Pediatrie
|2 Konspekt
|9 14
|
| 072 |
|
7 |
|a 37.016
|x Učební osnovy. Vyučovací předměty. Učebnice
|2 Konspekt
|9 22
|
| 080 |
|
|
|a 616.1/.9-053.2
|2 MRF
|
| 080 |
|
|
|a 616-053.2
|2 MRF
|
| 080 |
|
|
|a (075.8)
|2 MRF
|
| 245 |
0 |
0 |
|a Základy dětského lékařství pro speciální pedagogy :
|b vysokoškolská učebnice pro posluchače pedagogických fakult /
|c Jaroslav Gutvirth a kolektiv
|
| 250 |
|
|
|a 2. vyd.
|
| 260 |
|
|
|a Praha :
|b Státní pedagogické nakladatelství,
|c 1984
|
| 300 |
|
|
|a 375 s.
|
| 490 |
1 |
|
|a Učebnice pro vysoké školy
|
| 490 |
1 |
|
|a Knižnice speciální pedagogiky
|
| 500 |
|
|
|a Dostupné též v digitální podobě v aplikaci Kramerius
|
| 504 |
|
|
|a Bibliografie na s. 373-375
|
| 650 |
0 |
7 |
|a nemoci u dětí
|7 ph134932
|2 czenas
|
| 650 |
0 |
7 |
|a pediatrie
|7 ph115705
|2 czenas
|
| 650 |
0 |
9 |
|a diseases of children
|2 eczenas
|
| 650 |
0 |
9 |
|a pediatrics
|2 eczenas
|
| 655 |
|
7 |
|a učebnice vysokých škol
|7 fd133772
|2 czenas
|
| 655 |
|
9 |
|a textbooks (higher)
|2 eczenas
|
| 700 |
1 |
|
|a Gutvirth, Jaroslav,
|d 1922-
|7 jk01032867
|4 aut
|
| 830 |
|
0 |
|a Učebnice pro vysoké školy (Státní pedagogické nakladatelství)
|0 s
|
| 830 |
|
0 |
|a Knižnice speciální pedagogiky
|0 s
|
| 856 |
4 |
1 |
|u http://www.digitalniknihovna.cz/mzk/uuid/uuid:2ecf09c0-e1ec-11e5-984e-005056827e52
|y Digitalizovaný dokument
|x NDK
|
| 910 |
|
|
|a BOA001
|b PK-0091.106-84
|b 2-0836.462-84
|
| 920 |
|
|
|a 000099091
|
| 990 |
|
|
|a BK
|
| 996 |
7 |
|
|b 2619915758
|c 2-0836.462-84
|l MZK
|r Sklad / do 1 hodiny
|n 4
|w 000202595
|u 000080
|a 1
|e BOA001
|j MZK50
|s A
|
| 996 |
7 |
|
|b 2619920735
|c 2-0836.462-84
|l MZK
|r Sklad / do 1 hodiny
|n 7
|w 000202595
|u 000110
|a 1
|e BOA001
|j MZK50
|s A
|
| 996 |
6 |
|
|b 2619920736
|c 2-0836.462-84
|l MZK
|r Sklad / do 1 hodiny
|n 0
|w 000202595
|u 000120
|a 1
|e BOA001
|j MZK50
|s P
|
| 996 |
7 |
|
|b 2619969235
|c 2-0836.462-84
|l MZK
|r Sklad / do 1 hodiny
|n 1
|w 000202595
|u 000070
|a 1
|e BOA001
|j MZK50
|s A
|
| 996 |
7 |
|
|b 2619987585
|c 2-0836.462-84
|l MZK
|r Sklad / do 1 hodiny
|n 0
|w 000202595
|u 000060
|a 1
|e BOA001
|j MZK50
|s A
|
| 996 |
7 |
|
|b 3119901561
|c PK-0091.106-84
|l MZK
|r Sklad / do 1 hodiny
|n 9
|w 000202595
|u 000050
|a 1
|e BOA001
|j MZK50
|s A
|
| 996 |
7 |
|
|b 3119901562
|c PK-0091.106-84
|l MZK
|r Sklad / do 1 hodiny
|n 6
|w 000202595
|u 000020
|a 1
|e BOA001
|j MZK50
|s A
|
| 996 |
7 |
|
|b 3119901563
|c PK-0091.106-84
|l MZK
|r Sklad / do 1 hodiny
|n 0
|w 000202595
|u 000030
|a 1
|e BOA001
|j MZK50
|s A
|
| 996 |
7 |
|
|b 3119901564
|c PK-0091.106-84
|l MZK
|r Sklad / do 1 hodiny
|n 1
|w 000202595
|u 000040
|a 1
|e BOA001
|j MZK50
|s A
|
| 996 |
7 |
|
|b 3119956759
|c PK-0091.106-84
|l MZK
|r Sklad / do 1 hodiny
|n 16
|w 000202595
|u 000010
|a 1
|e BOA001
|j MZK50
|s A
|